Management-Enzyklopädie Das Managementwissen unserer Zeit in 6. Bänden

Gespeichert in:
Bibliographische Detailangaben
Format: Buch
Sprache:Deutsch
Veröffentlicht: München Verlag moderne industrie 1970
Tags: Tag hinzufügen
Keine Tags, Fügen Sie das erste Tag hinzu!

MARC

LEADER 00000nam a2200000 4500
001 c121306
005 20041019155222.1
041 0 |a ger 
044 |a DE 
245 1 0 |a Management-Enzyklopädie  |b Das Managementwissen unserer Zeit in 6. Bänden 
264 1 |a München  |b Verlag moderne industrie  |c 1970 
300 |a 1279 s.